10 höchste Kirchen der Welt - Statistiken

Allgemein
  • Dieses Quiz wurde 156 mal gespielt
    121 seit der letzten Aktualisierung
  • Das Durchschnittsergebnis liegt bei 4 aus 10
Antwortstatistiken
Bildquiz Hint Antwort % Korrekt
157,38 m Kölner Dom
96%
161,53 m Ulmer Münster
80%
132,5 m Petersdom (Vatikanstadt)
74%
136,44 m Stephansdom (Wien)
45%
142 m Straßburger Münster
44%
151 m Kathedrale von Rouen
34%
158,1 m Basilika Notre-Dame de la Paix (Yamoussoukro)
23%
147,88 m St. Nikolai (Hamburg)
12%
134,8 m Mariä-Empfängnis-Dom (Linz)
9%
141,5 m Basilika der Muttergottes von Licheń
2%
Keine übereinstimmenden Quizze gefunden
Verteilung der Resultate
Anzahl Personen mit jedem Resultat
Perzentil nach korrekt beantworteten Fragen
Ihre Resultats-Entwicklung
Sie haben dieses Quiz seit der letzten Aktualisierung nicht gespielt